[Event "EuTCh w"]
[Site "Plovdiv BUL"]
[Date "2003.10.18"]
[Round "7"]
[White "Vajda,S"]
[Black "Prudnikova,S"]
[Result "1-0"]
[WhiteElo "2360"]
[BlackElo "2412"]
[EventDate "2003.10.10"]

1. e4 c5 2. Nf3 e6 3. d4 cxd4 4. Nxd4 Nf6 5. Nc3 d6 6. g3 Be7 7. Bg2 O-O 8.
O-O a6 9. a4 Qc7 10. h3 Nc6 11. Nde2 Rb8 12. g4 b5 13. axb5 axb5 14. Nd4
Nxd4 15. Qxd4 e5 16. Qd3 b4 17. Nb5 Qb6 18. Na7 Bd7 19. Be3 Qb7 20. Ra6 Ra8
21. Rfa1 Rfb8 22. f4 Be8 23. Kh2 Bf8 24. f5 h6 25. Bf3 Qc7 26. Kg2 g5 27.
fxg6 fxg6 28. g5 hxg5 29. Bxg5 Kg7 30. Qd2 Ng8 31. Nb5 Rxa6 32. Nxc7 Rxa1
33. Ne6+ Kf7 34. Nxf8 Ra6 35. Qf2 d5 36. Be2+ Rf6 37. Bxf6 Nxf6 38. Nh7 1-0

[Event "EuTCh w"]
[Site "Plovdiv BUL"]
[Date "2003.10.18"]
[Round "7"]
[White "Hunt,H"]
[Black "Skripchenko,A"]
[Result "1-0"]
[WhiteElo "2402"]
[BlackElo "2460"]
[EventDate "2003.10.10"]

1. e4 c5 2. Nf3 e6 3. d4 cxd4 4. Nxd4 Nf6 5. Nc3 Nc6 6. Nxc6 bxc6 7. e5 Nd5
8. Ne4 f5 9. exf6 Nxf6 10. Nd6+ Bxd6 11. Qxd6 Qb6 12. Bd3 Ba6 13. Be3 Qxb2
14. Bd4 Qb7 15. c4 Qb8 16. Qc5 Qb6 17. Qe5 Qd8 18. O-O O-O 19. f4 Re8 20.
Rad1 d6 21. Qg5 c5 22. Bc3 Qe7 23. Rf3 h6 24. Qg6 Qf7 25. Rg3 Qxg6 26. Bxg6
Rf8 27. Rxd6 Bxc4 28. h3 Bxa2 29. Rc6 Bd5 30. Rc7 Kh8 31. Bc2 e5 32. Rcxg7
Be4 33. fxe5 1-0

[Event "EuTCh w"]
[Site "Plovdiv BUL"]
[Date "2003.10.18"]
[Round "7"]
[White "Milliet,S"]
[Black "Houska,Jo"]
[Result "0-1"]
[WhiteElo "2326"]
[BlackElo "2358"]
[EventDate "2003.10.10"]

1. e4 c6 2. d4 d5 3. Nc3 dxe4 4. Nxe4 Bf5 5. Ng3 Bg6 6. h4 h6 7. Nf3 Nd7 8.
h5 Bh7 9. Bd3 Bxd3 10. Qxd3 e6 11. Bf4 Ngf6 12. O-O-O Be7 13. Kb1 O-O 14.
Ne4 Nxe4 15. Qxe4 Nf6 16. Qe2 Qd5 17. Ne5 Qe4 18. Qxe4 Nxe4 19. Rhe1 Nf6
20. g4 Rfd8 21. Be3 Nd5 22. c4 Nxe3 23. Rxe3 Bg5 24. Re4 Rd6 25. Kc2 Rad8
26. Nf3 Bf6 27. Rd2 Kh7 28. b3 g6 29. hxg6+ Kxg6 30. Kd1 Bg5 31. Rd3 f5 32.
gxf5+ exf5 33. Re1 Bf6 34. Kc2 Kf7 35. Ne5+ Bxe5 36. Rxe5 Rxd4 37. Rxf5+
Kg6 38. Rxd4 Rxd4 39. Rf8 h5 40. Rg8+ Kh7 41. Rg2 Kh6 42. Kc3 Rd7 43. b4 h4
44. a4 Kh5 45. c5 h3 46. Rh2 Kh4 47. b5 Rg7 48. bxc6 bxc6 49. f4 Kg3 50.
Rh1 Kg2 51. Rd1 h2 52. Rd2+ Kh3 53. Rd8 Rh7 54. Rd1 a5 55. f5 Kg4 56. Rh1
Kxf5 57. Kd4 Kf4 58. Rf1+ Kg3 59. Ke5 Rd7 60. Rc1 Rd2 61. Ke4 Kg2 62. Ke3
Ra2 0-1

[Event "EuTCh w"]
[Site "Plovdiv BUL"]
[Date "2003.10.18"]
[Round "7"]
[White "Ciuksyte,D"]
[Black "Stefanova,A"]
[Result "1-0"]
[WhiteElo "2295"]
[BlackElo "2497"]
[EventDate "2003.10.10"]

1. e4 e5 2. Nf3 Nc6 3. Bb5 a6 4. Ba4 Nf6 5. O-O Nxe4 6. d4 b5 7. Bb3 d5 8.
dxe5 Be6 9. Nbd2 Nc5 10. c3 Be7 11. Bc2 Bg4 12. Re1 Qd7 13. Nf1 Bh5 14. Ne3
Rd8 15. b4 Ne6 16. g4 Bg6 17. Nf5 d4 18. Be4 h5 19. h3 hxg4 20. hxg4 Kf8
21. Kg2 Qe8 22. Rh1 Rg8 23. Qc2 dxc3 24. a3 Ncd4 25. N3xd4 Nxd4 26. Qxc3
Qd7 27. Rd1 Bxf5 28. gxf5 Ne2 29. Rxd7 Nxc3 30. Rxd8+ Bxd8 31. Bb7 Rh8 32.
Bd2 Ne2 33. Bxa6 Nd4 34. Bc3 Nxf5 35. Bxb5 Nh4+ 36. Kf1 Rh6 37. a4 c6 38.
Bc4 Ng6 39. a5 Nf4 40. Ke1 Rh4 41. Kd2 Nh3 42. Be2 Nxf2 43. a6 Ne4+ 44. Kd3
Nxc3 45. Kxc3 Bb6 46. a7 Bd4+ 47. Kb3 Rh3+ 48. Kc2 Bxa7 49. Rxa7 Re3 50.
Bc4 Rxe5 51. Rxf7+ Ke8 52. Rxg7 Kd8 53. Kc3 Kc8 54. Kd4 Rh5 55. Be2 Rd5+
56. Kc4 Kb8 57. Bf3 1-0

[Event "EuTCh w"]
[Site "Plovdiv BUL"]
[Date "2003.10.18"]
[Round "7"]
[White "Voiska,M"]
[Black "Turauskiene,R"]
[Result "1/2-1/2"]
[WhiteElo "2368"]
[BlackElo "2218"]
[EventDate "2003.10.10"]

1. d4 Nf6 2. c4 g6 3. Nc3 Bg7 4. e4 d6 5. Bd3 e5 6. d5 O-O 7. Nge2 Nh5 8.
O-O f5 9. exf5 gxf5 10. Ng3 Nxg3 11. fxg3 Qe8 12. Bg5 Qg6 13. Qd2 Na6 14.
a3 Bd7 15. Rf2 Nc5 16. Bc2 Ne4 17. Nxe4 fxe4 18. Raf1 Rxf2 19. Rxf2 h6 20.
Bh4 Bf5 21. Qe3 h5 22. Bg5 Rf8 23. h3 b6 24. b4 Qh7 25. Re2 Qg6 26. h4 Bf6
27. Bxf6 Rxf6 28. Kh2 Kg7 29. Re1 Qh6 30. Qxh6+ Kxh6 31. Bxe4 Bxe4 32. Rxe4
Rf1 33. g4 Ra1 34. gxh5 Kxh5 35. b5 Rxa3 36. g3 a5 37. bxa6 Rxa6 38. Kh3
Ra4 39. g4+ Kg6 40. g5 b5 41. Kg4 Rxc4 42. h5+ Kg7 43. Rxc4 bxc4 44. Kf3 c3
45. Ke2 e4 46. Ke3 Kh7 47. Ke2 Kg7 48. Ke3 1/2-1/2

[Event "EuTCh w"]
[Site "Plovdiv BUL"]
[Date "2003.10.18"]
[Round "7"]
[White "Roelli,C"]
[Black "Topel,Z"]
[Result "1/2-1/2"]
[WhiteElo "2017"]
[BlackElo "2004"]
[EventDate "2003.10.10"]

1. d4 Nf6 2. c4 g6 3. Nc3 Bg7 4. e4 d6 5. Nf3 O-O 6. Bg5 c5 7. d5 h6 8. Bh4
e6 9. Be2 exd5 10. exd5 Nbd7 11. O-O a6 12. Bd3 Qb6 13. Qc2 g5 14. Bg3 Nh5
15. Rae1 Nxg3 16. hxg3 Ne5 17. Nxe5 Bxe5 18. f4 gxf4 19. gxf4 Bd4+ 20. Kh2
Qd8 21. g3 Qd7 22. f5 f6 23. Re4 Be5 24. Rg4+ Kf7 25. Ne2 Rg8 26. Rg6 Rxg6
27. fxg6+ Kg7 28. Bf5 Qe8 29. Nf4 Bxf4 30. Rxf4 Bxf5 31. Qxf5 Qd8 32. Qe6
Qe8 33. Qxf6+ Kg8 34. g7 Qh5+ 35. Rh4 Qe5 36. Rxh6 Qxf6 37. Rxf6 Kxg7 38.
Rxd6 b5 39. b3 bxc4 40. bxc4 Rb8 41. Rc6 Rb2+ 42. Kh3 Rxa2 43. Rxc5 a5 44.
Rc6 a4 45. Ra6 a3 46. Kg4 Kf7 47. c5 Rd2 48. Ra7+ Kf6 49. d6 a2 50. d7 Ke7
51. c6 Rc2 52. Kf5 Rc5+ 53. Ke4 Rxc6 54. Rxa2 Kxd7 55. Kd5 Rc7 56. Re2 Rc3
57. g4 Rg3 58. Re4 Rg1 59. Ke5 Ke7 60. Kf5+ Kf7 61. Rb4 Kg7 62. Kg5 Ra1 63.
Rb7+ Kg8 64. Re7 Ra5+ 65. Kf6 Ra6+ 66. Kf5 Ra5+ 67. Kg6 Ra6+ 68. Kh5 Ra5+
69. Kg6 Ra6+ 70. Kh5 Ra5+ 71. g5 Ra6 72. Kg4 Ra4+ 73. Kf5 Ra5+ 74. Kg6 Ra6+
75. Kh5 Rb6 76. Kg4 1/2-1/2

[Event "EuTCh w"]
[Site "Plovdiv BUL"]
[Date "2003.10.18"]
[Round "7"]
[White "Mamedjarova,T"]
[Black "Rantanen,T"]
[Result "1-0"]
[WhiteElo "2227"]
[BlackElo "2165"]
[EventDate "2003.10.10"]

1. d4 d5 2. Nf3 c6 3. c3 Bf5 4. Bf4 Nf6 5. e3 e6 6. Bd3 Bxd3 7. Qxd3 Be7 8.
h3 Nbd7 9. Nbd2 Qb6 10. O-O c5 11. a4 O-O 12. a5 Qc6 13. Ne5 Nxe5 14. dxe5
Ne4 15. Nxe4 dxe4 16. Qc4 b5 17. axb6 axb6 18. Qe2 Rxa1 19. Rxa1 Rd8 20.
Ra7 Bf8 21. Qa6 Rb8 22. c4 h6 23. h4 Qe8 24. h5 b5 25. b3 bxc4 26. Qxc4 Rb4
27. Qc2 Qb8 28. Rd7 Rxb3 29. Qxe4 Rb1+ 30. Kh2 Qb5 31. Rd8 Ra1 32. Qc2 Qa5
33. Qd3 Qc7 34. Re8 c4 35. Qd4 c3 36. Qb4 1-0

[Event "EuTCh w"]
[Site "Plovdiv BUL"]
[Date "2003.10.18"]
[Round "7"]
[White "Jackova,J"]
[Black "Hagarova,Z"]
[Result "1/2-1/2"]
[WhiteElo "2319"]
[BlackElo "2352"]
[EventDate "2003.10.10"]

1. e4 c5 2. Nf3 Nc6 3. d4 cxd4 4. Nxd4 g6 5. Nc3 Bg7 6. Nb3 Nf6 7. Be2 O-O
8. O-O d6 9. Re1 b6 10. Bf1 Bb7 11. Bg5 h6 12. Bh4 Rc8 13. Qd2 Na5 14. Bxf6
Bxf6 15. Qxh6 Nc4 16. Nd5 Bxb2 17. Rad1 Bg7 18. Qh4 Re8 19. f4 Bxd5 20.
exd5 e5 21. Qg4 exf4 22. Qxf4 Rxe1 23. Rxe1 Ne5 24. c4 Qf6 25. Qxf6 Bxf6
26. Nd2 Bh4 27. Re4 Bf6 28. Re1 Kg7 29. a4 Nd7 30. Nb3 Nc5 31. Nxc5 Rxc5
32. Bd3 Ra5 33. Bc2 Rc5 34. Bd3 Ra5 35. Bc2 Rc5 36. Bd3 1/2-1/2

[Event "EuTCh w"]
[Site "Plovdiv BUL"]
[Date "2003.10.18"]
[Round "7"]
[White "Mira,H"]
[Black "Lomineishvili,M"]
[Result "0-1"]
[WhiteElo "2098"]
[BlackElo "2400"]
[EventDate "2003.10.10"]

1. Nf3 Nf6 2. c4 e6 3. Nc3 d5 4. d4 Bb4 5. e3 O-O 6. a3 Be7 7. Bd3 c5 8.
cxd5 exd5 9. dxc5 Bxc5 10. b4 Bb6 11. O-O Bg4 12. Be2 Nc6 13. Bb2 Re8 14.
Nd4 Bd7 15. Nxc6 bxc6 16. Na4 Bc7 17. Nc5 Bf5 18. Rc1 Rc8 19. g3 Qe7 20.
Ba6 Rcd8 21. Qa4 Ng4 22. Bd3 Bc8 23. Qc2 Qg5 24. Bd4 Qh6 25. f4 Nxe3 26.
Bxe3 Rxe3 27. Nb3 Bb6 28. Nc5 Rde8 29. Rf2 Bg4 30. Bf1 Rxa3 31. Bd3 a5 32.
Bf5 Bxf5 33. Qxf5 axb4 34. Kg2 Qd6 35. Rfc2 b3 36. Nxb3 Rxb3 37. Rxc6 Rb2+
38. Kh3 Qe7 39. Rc8 Bd8 40. Qxd5 Rb6 41. R1c2 Qe6+ 42. Qxe6 Rbxe6 43. f5
Re5 44. Kg4 h5+ 45. Kxh5 Rxf5+ 46. Kg4 Rfe5 47. Kf4 Bg5+ 48. Kg4 Rxc8 49.
Rxc8+ Kh7 50. h4 Bd2 51. h5 Be1 52. Kf4 Rxh5 0-1

[Event "EuTCh w"]
[Site "Plovdiv BUL"]
[Date "2003.10.18"]
[Round "7"]
[White "Peng Zhaoqin"]
[Black "Calzetta,M"]
[Result "0-1"]
[WhiteElo "2438"]
[BlackElo "2274"]
[EventDate "2003.10.10"]

1. Nf3 c5 2. c4 g6 3. d4 cxd4 4. Nxd4 Nf6 5. Nc3 Nc6 6. e4 d6 7. Be2 Nxd4
8. Qxd4 Bg7 9. Bg5 O-O 10. Qd2 a5 11. O-O a4 12. Rfd1 Be6 13. Rab1 Nd7 14.
Qe3 Re8 15. Nb5 Qa5 16. b4 axb3 17. axb3 f6 18. Bf4 Rec8 19. h4 Qb4 20. Qg3
Ra2 21. Bg4 Nf8 22. h5 Bxg4 23. Qxg4 f5 24. exf5 Qc5 25. fxg6 Qxf2+ 26. Kh1
Rc5 27. Rd5 Rxd5 28. cxd5 hxg6 29. h6 Ra1 30. Rxa1 Bxa1 31. Nc7 Bd4 32. Kh2
Qg1+ 33. Kh3 Qh1+ 34. Kg3 Qe1+ 35. Kh2 Bg1+ 36. Kh3 Qc3+ 37. g3 Qxc7 38.
h7+ Kxh7 39. Qh4+ Kg8 40. Bh6 Qc2 41. Bxf8 Qh2+ 0-1

[Event "EuTCh w"]
[Site "Plovdiv BUL"]
[Date "2003.10.18"]
[Round "7"]
[White "Sirletti,S"]
[Black "Vasiliev,Olg"]
[Result "0-1"]
[WhiteElo "2071"]
[BlackElo "2189"]
[EventDate "2003.10.10"]

1. d4 d5 2. c4 dxc4 3. e3 Nf6 4. Bxc4 e6 5. Nf3 c5 6. O-O a6 7. dxc5 Bxc5
8. Qxd8+ Kxd8 9. Rd1+ Ke7 10. a3 Nbd7 11. Nc3 b5 12. Be2 Bb7 13. b4 Bb6 14.
Bb2 Rhc8 15. Rac1 Nd5 16. Nxd5+ Bxd5 17. Bxg7 f6 18. Bh6 Bb3 19. Re1 Bc2
20. Nd4 Be4 21. Bf3 Bxf3 22. Nxf3 a5 23. Nd4 Ne5 24. h3 axb4 25. axb4 Rc4
26. Nxb5 Rxb4 27. Rb1 Rxb1 28. Rxb1 Nd7 29. Nc3 Ra3 30. Nd1 Ba7 31. e4 Ra4
32. Nc3 Rc4 33. Bd2 Bd4 34. Nb5 Bc5 35. Re1 Ne5 36. Rc1 Bxf2+ 37. Kf1 Bc5
38. Rxc4 Nxc4 39. Ke2 Kd7 40. Kd3 Ne5+ 41. Ke2 Kc6 42. Nc3 Bd4 43. Nd1 Kc5
44. Be3 Bxe3 45. Kxe3 Kc4 46. Nf2 h6 47. Kf4 Kd4 48. g4 Ng6+ 49. Kg3 Ke3
50. h4 e5 51. g5 fxg5 52. Ng4+ Kxe4 53. hxg5 hxg5 54. Nf2+ Kf5 55. Kf3 Nh4+
56. Kg3 Ng6 57. Kf3 Nf4 58. Kg3 e4 59. Nh1 Nh5+ 60. Kf2 Kf4 61. Kf1 e3 62.
Ke1 Kf3 63. Kd1 Ng3 64. Nxg3 Kxg3 65. Ke2 Kf4 0-1

[Event "EuTCh w"]
[Site "Plovdiv BUL"]
[Date "2003.10.18"]
[Round "7"]
[White "Cinar,N"]
[Black "Lematschko,T"]
[Result "0-1"]
[WhiteElo "2084"]
[BlackElo "2292"]
[EventDate "2003.10.10"]

1. e4 g6 2. d4 Bg7 3. Nc3 c6 4. Bg5 d5 5. e5 f6 6. exf6 exf6 7. Bf4 Nh6 8.
Bd3 O-O 9. Qd2 Nf5 10. Nf3 Re8+ 11. Ne2 Nd6 12. O-O-O a5 13. h4 Ne4 14.
Bxe4 dxe4 15. Ne1 Be6 16. Nc3 Bd5 17. f3 exf3 18. Nxf3 Na6 19. h5 g5 20. h6
Bf8 21. Nxg5 fxg5 22. Bxg5 Be7 23. Bxe7 Qxe7 24. Nxd5 cxd5 25. Rde1 Qf6 26.
Ref1 Qg6 27. Rh5 Qxh5 0-1

[Event "EuTCh w"]
[Site "Plovdiv BUL"]
[Date "2003.10.18"]
[Round "7"]
[White "Motoc,A"]
[Black "Fakhiridou,E"]
[Result "1-0"]
[WhiteElo "2363"]
[BlackElo "2262"]
[EventDate "2003.10.10"]

1. d4 d5 2. c4 dxc4 3. e3 e6 4. Bxc4 Nf6 5. Nf3 c5 6. O-O a6 7. a4 Nc6 8.
Qe2 Qc7 9. Nc3 Bd6 10. Rd1 O-O 11. h3 b6 12. dxc5 bxc5 13. e4 Ne5 14. Bg5
Nxf3+ 15. Qxf3 Be5 16. Bxf6 Bxf6 17. e5 Bxe5 18. Qxa8 Bb7 19. Qa7 Ra8 20.
Qxa8+ Bxa8 21. Bxa6 Bd4 22. Bf1 Qf4 23. Rxd4 cxd4 24. Ne2 Qb8 25. Nxd4 Qxb2
26. Rd1 Bd5 27. a5 Qa3 28. a6 f5 29. Nxf5 Kf7 30. Ne3 Bc6 31. Nc4 Qa4 32.
Rb1 Ke7 33. Rb6 Ba8 34. Ne3 Qa1 35. Rb8 Bc6 36. Nc2 Qa5 37. Ne3 Qa1 38. Rb6
Kd7 39. Nc2 Qa5 40. Rb1 Qa4 41. Ne3 Kc7 42. Rc1 Kd7 43. Nc4 Ke7 44. Nb6 Qe4
45. Rxc6 Qxc6 46. a7 Qxb6 47. a8=Q Qb1 48. Qa7+ Kf8 49. Qc5+ Kf7 50. Qc7+
Kf8 51. Qd6+ Kf7 52. Qd3 1-0

[Event "EuTCh w"]
[Site "Plovdiv BUL"]
[Date "2003.10.18"]
[Round "7"]
[White "Georgieva,Li"]
[Black "Sekulovska,V"]
[Result "0-1"]
[WhiteElo "2252"]
[BlackElo "2130"]
[EventDate "2003.10.10"]

1. e4 e5 2. Nf3 Nc6 3. Nc3 Nf6 4. g3 Bc5 5. Bg2 d6 6. h3 a6 7. d3 Be6 8.
O-O h6 9. Be3 Bxe3 10. fxe3 O-O 11. Nh4 d5 12. Qf3 d4 13. exd4 Nxd4 14. Qf2
c6 15. Nd1 Nb5 16. Nf5 Bxf5 17. exf5 Qd4 18. Qxd4 exd4 19. Nf2 Rfe8 20. Bf3
Re5 21. g4 Rae8 22. a4 Nd6 23. c3 dxc3 24. bxc3 Re3 25. Kg2 Nd7 26. Rfb1
Ne5 27. Be4 Nxe4 28. dxe4 b5 29. axb5 axb5 30. Rb3 Rd8 31. Ra2 Nc4 32. Kg1
f6 33. Kg2 Kh7 34. Kg1 Nd2 35. Rbb2 Nf3+ 36. Kg2 Rxc3 37. Ra7 Ne5 38. Rba2
Rd7 39. Ra8 b4 40. R2a6 Rd2 41. Rb6 Rcc2 42. Rbb8 Rxf2+ 43. Kg3 Rf3+ 44.
Kh4 Nf7 45. Rf8 Rcc3 46. g5 hxg5+ 47. Kg4 Ne5+ 0-1

[Event "EuTCh w"]
[Site "Plovdiv BUL"]
[Date "2003.10.18"]
[Round "7"]
[White "Machalova,M"]
[Black "Cedikova,K"]
[Result "1-0"]
[WhiteElo "2187"]
[BlackElo "2201"]
[EventDate "2003.10.10"]

1. c4 g6 2. Nc3 Bg7 3. d4 Nf6 4. e4 d6 5. f3 O-O 6. Bg5 c5 7. d5 e6 8. Nge2
exd5 9. cxd5 a6 10. Rc1 Nbd7 11. Qd2 h6 12. Be3 Ne5 13. Ng3 h5 14. h4 b5
15. b3 Re8 16. Be2 Nh7 17. Nf1 Bd7 18. Bh6 Bf6 19. g3 Rc8 20. Ne3 c4 21. b4
a5 22. a3 Ra8 23. Nc2 axb4 24. axb4 Qe7 25. Nd4 Nd3+ 26. Bxd3 Bxd4 27. Nxb5
Qf6 28. Nxd4 Qxd4 29. Bxc4 Qf6 30. O-O Qd8 31. Be3 Bh3 32. Rf2 Ra3 33. b5
Nf6 34. Bd4 Nd7 35. Kh2 Ne5 36. Bxe5 Rxe5 37. Kxh3 Qe7 38. b6 g5 39. hxg5
Rxg5 40. b7 1-0

[Event "EuTCh w"]
[Site "Plovdiv BUL"]
[Date "2003.10.18"]
[Round "7"]
[White "Klinova,M"]
[Black "Sedina,E"]
[Result "1/2-1/2"]
[WhiteElo "2378"]
[BlackElo "2394"]
[EventDate "2003.10.10"]

1. e4 e6 2. Nf3 d5 3. Nc3 d4 4. Ne2 c5 5. Ng3 Nc6 6. Bb5 Bd7 7. Bxc6 Bxc6
8. Ne5 Qc7 9. Nxc6 Qxc6 10. d3 Nf6 11. O-O Be7 12. f4 O-O-O 13. Bd2 Kb8 14.
Qf3 c4 15. a3 cxd3 16. Qxd3 Ng4 17. Kh1 Ne3 18. Rf3 h5 19. Ne2 Ng4 20. Rff1
f5 21. exf5 exf5 22. Nxd4 Qf6 23. c3 Bc5 24. Qf3 Bxd4 25. cxd4 Qxd4 26. Bc3
Qd7 27. h3 Qf7 28. Rad1 Nf6 29. Be5+ Ka8 30. Rxd8+ Rxd8 31. Rd1 Rxd1+ 32.
Qxd1 Qe8 33. Bxf6 gxf6 34. Qd6 h4 1/2-1/2

[Event "EuTCh w"]
[Site "Plovdiv BUL"]
[Date "2003.10.18"]
[Round "7"]
[White "Garcia Vicente,N"]
[Black "Schuurman,P"]
[Result "1-0"]
[WhiteElo "2244"]
[BlackElo "2263"]
[EventDate "2003.10.10"]

1. d4 Nf6 2. c4 c5 3. d5 b5 4. cxb5 a6 5. bxa6 g6 6. Nc3 Bxa6 7. g3 d6 8.
Bg2 Bg7 9. Nf3 Nbd7 10. Rb1 Nb6 11. b3 O-O 12. O-O Ra7 13. a4 Qa8 14. Nh4
Rb8 15. Bb2 Bc8 16. Nb5 Rab7 17. e4 Bd7 18. e5 Bxb5 19. axb5 Ne8 20. Qd3
Ra7 21. f4 Ra2 22. Ra1 Qa7 23. Bc3 Ra8 24. Kh1 Rxa1 25. Rxa1 Qxa1+ 26. Bxa1
Rxa1+ 27. Bf1 dxe5 28. fxe5 Bxe5 29. Nf3 Bd6 30. Nd2 Nf6 31. Nc4 Nfxd5 32.
Nxb6 Nxb6 33. Kg2 Ra8 34. Be2 Rb8 35. Qe4 Nd7 36. Qa4 Kg7 37. Qa7 Ne5 38.
Bc4 h5 39. Qa1 Kg8 40. Qa7 Kg7 41. Qa1 Kg8 42. Qa7 Ng4 43. Be2 Ne3+ 44. Kf2
Nf5 45. Bc4 Kg7 46. Qa2 Nd4 47. Qa6 Kf6 48. Kg2 Kg7 49. Qa1 Re8 50. Qa6 Kf8
51. Qa4 Nf5 52. Kf3 h4 53. g4 Nd4+ 54. Kg2 Kg7 55. h3 Rf8 56. Bd3 Rb8 57.
Bc4 Rf8 58. Bd3 Ne6 59. Qa1+ Kg8 60. Bf1 Rd8 61. Qa7 Kf8 62. b6 Rb8 63. Kf2
Nf4 64. Bg2 Kg7 65. Kf1 Kf8 66. Qa1 Kg8 67. Qa2 Ne6 68. Bd5 Nd4 69. b7 Nb5
70. Qa5 Nc7 71. Bf3 Ne6 72. Qa7 Nf4 73. Bg2 Kh7 74. Qa6 Kg7 75. Qc6 f5 76.
gxf5 gxf5 77. Qc8 Kf6 78. Kg1 Ng6 79. Bf1 Nf4 80. Kf2 Ke5 81. Kf3 Ne6 82.
Bc4 Nd4+ 83. Ke3 Kf6 84. Kd3 Ke5 85. Ke3 f4+ 86. Kf2 Kf6 87. Bd5 Ke5 88.
Bc4 Ke4 89. Qd7 1-0

[Event "EuTCh w"]
[Site "Plovdiv BUL"]
[Date "2003.10.18"]
[Round "7"]
[White "Koskela,N"]
[Black "Mamedjarova,Z"]
[Result "0-1"]
[WhiteElo "2280"]
[BlackElo "2345"]
[EventDate "2003.10.10"]

1. e4 d5 2. exd5 Nf6 3. Nc3 Nxd5 4. Bc4 c6 5. Qf3 e6 6. Nge2 Be7 7. d4 O-O
8. Nxd5 cxd5 9. Bd3 Nd7 10. c3 Nf6 11. Ng3 Bd7 12. O-O Bc6 13. Re1 Qd7 14.
Bf4 a5 15. Be5 b5 16. Nh5 Nxh5 17. Bxh7+ Kxh7 18. Qxh5+ Kg8 19. Bxg7 f6 20.
Re3 Bd6 21. Bxf8 Bxf8 22. Rae1 Re8 23. Qg4+ Kf7 24. f4 Qc8 25. f5 e5 26.
Qg6+ Ke7 27. dxe5 Kd8 28. Kh1 Bc5 29. Qxf6+ Kc7 30. e6 Rh8 31. e7 Bxe3 32.
Rxe3 Qe8 33. Qe5+ Kb7 34. h3 d4 35. cxd4 Qg8 36. Qg3 Qd5 37. Re5 Qxd4 38.
e8=Q Rxe8 39. Rxe8 Bxe8 40. Kh2 Qxb2 41. Qd6 Bc6 42. Qe7+ Ka6 43. Qg5 Qe5+
44. Kg1 a4 45. Qg6 Qc5+ 46. Kh2 b4 47. f6 Qd6+ 48. Kg1 b3 49. axb3 axb3 50.
Qf5 Qd1+ 51. Kh2 Qd6+ 52. Kg1 Qd5 53. Qf2 Qd1+ 54. Kh2 Qd6+ 55. Kg1 Qf8 56.
Qd4 Qg8 57. Qb2 Bd5 58. Qe2+ Kb6 59. g4 Qf8 60. g5 Qc5+ 61. Kh2 Qc2 0-1

[Event "EuTCh w"]
[Site "Plovdiv BUL"]
[Date "2003.10.18"]
[Round "7"]
[White "Medic,Mir"]
[Black "Agrest,S"]
[Result "0-1"]
[WhiteElo "2271"]
[BlackElo "2245"]
[EventDate "2003.10.10"]

1. d4 f5 2. Nf3 Nf6 3. g3 g6 4. Bg2 Bg7 5. Nbd2 Nc6 6. c3 d6 7. b4 a6 8.
O-O e5 9. dxe5 dxe5 10. e4 O-O 11. Qb3+ Kh8 12. exf5 gxf5 13. Ng5 Qe8 14.
Re1 h6 15. Ngf3 Be6 16. Qc2 e4 17. Nh4 Qf7 18. f3 exf3 19. Bxf3 Nd5 20. Bb2
Rfe8 21. Nb3 Ne5 22. Nd4 Nxf3+ 23. Nhxf3 Bd7 24. Qf2 f4 25. Nh4 Kg8 26. Ng2
fxg3 27. Qxg3 Kh8 28. a3 b5 29. Rxe8+ Rxe8 30. Rf1 Qh5 31. Nf4 Nxf4 32.
Qxf4 Be5 33. Qd2 Rg8+ 34. Kh1 Bc8 35. Nf3 Bb7 36. Qe2 Bxf3+ 37. Rxf3 Bxh2
0-1

[Event "EuTCh w"]
[Site "Plovdiv BUL"]
[Date "2003.10.18"]
[Round "7"]
[White "Andersson,C"]
[Black "Macek,V"]
[Result "1-0"]
[WhiteElo "2169"]
[BlackElo "2216"]
[EventDate "2003.10.10"]

1. e4 c5 2. c3 e6 3. d4 d5 4. exd5 exd5 5. Nf3 Nf6 6. Be2 Be7 7. dxc5 Bxc5
8. O-O O-O 9. Bg5 Be7 10. Nbd2 Nc6 11. Re1 Be6 12. Nb3 Ne4 13. Be3 Bf6 14.
Nbd4 Qd7 15. Nxe6 fxe6 16. Bd3 Nd6 17. Qe2 Nf7 18. Nd4 Nxd4 19. cxd4 Nd8
20. Qh5 g6 21. Qg4 Qg7 22. Rac1 a6 23. Rc2 Re8 24. Rec1 Nc6 25. h3 Rad8 26.
Bxa6 Nb4 27. Rc7 Re7 28. Rc8 Rxc8 29. Rxc8+ Kf7 30. Bb5 Nxa2 31. Qf3 Nb4
32. Bg5 1-0

[Event "EuTCh w"]
[Site "Plovdiv BUL"]
[Date "2003.10.19"]
[Round "8"]
[White "Radziewicz,I"]
[Black "Zhukova,N"]
[Result "1-0"]
[WhiteElo "2423"]
[BlackElo "2452"]
[EventDate "2003.10.10"]

1. e4 e6 2. d4 d5 3. Nc3 Nf6 4. Bg5 Be7 5. e5 Nfd7 6. Bxe7 Qxe7 7. f4 Nb6
8. Nf3 Bd7 9. Qd2 Nc6 10. b3 f6 11. Bb5 Nd8 12. a4 a6 13. Be2 Nf7 14. Nd1
Bc6 15. O-O f5 16. Nf2 h6 17. Ne1 g5 18. Nfd3 a5 19. Nc5 Nd7 20. Nxd7 Kxd7
21. Nd3 b6 22. Bh5 Rhg8 23. Bxf7 Qxf7 24. c3 Bb7 25. Rac1 Qe7 26. Rf2 g4
27. Qe3 Qa3 28. Rfc2 Kc8 29. c4 dxc4 30. bxc4 Be4 31. Rc3 Qxa4 32. d5 Bxd3
33. Qxd3 Qd7 34. d6 c5 35. Qg3 Qd8 36. d7+ Qxd7 37. Rd3 Qe7 38. Rd6 Rd8 39.
Rxb6 Kc7 40. Qb3 Rab8 41. Rb5 Rxb5 42. Qxb5 Qd7 43. Qxa5+ Kc8 44. Qxc5+ Qc7
45. Qb5 Qd7 46. Qa6+ Kc7 47. Qa7+ Kc6 48. Qa4+ Kc7 49. Qa5+ Kc6 50. Qb5+
Kc7 51. Qc5+ Qc6 52. Qa7+ Qb7 53. Qf2 Qb6 54. c5 Qb3 55. Qe1 Qa4 56. Kh1
Rd3 57. c6 Rd4 58. Qg1 h5 59. Ra1 Qc4 60. Qe1 Qb4 61. Qh4 Kxc6 62. Qxh5
Rxf4 63. Qe8+ Kd5 64. Rd1+ Kxe5 65. Qh8+ Ke4 66. Qa1 Rf2 67. Re1+ Kf4 68.
Qe5+ Kg5 69. Qg7+ Kh5 70. Qh7+ Kg5 71. Qg7+ Kh5 72. Qf7+ Kg5 73. Qxe6 Qe4
74. Qg8+ Kh5 75. Qh7+ Kg5 76. h4+ gxh3 77. Rxe4 1-0

[Event "EuTCh w"]
[Site "Plovdiv BUL"]
[Date "2003.10.19"]
[Round "8"]
[White "Danielian,E"]
[Black "Hunt,H"]
[Result "1-0"]
[WhiteElo "2400"]
[BlackElo "2402"]
[EventDate "2003.10.10"]

1. d4 Nf6 2. c4 e6 3. Nf3 b6 4. g3 Ba6 5. Qb3 c6 6. Bf4 Be7 7. Nc3 d5 8.
cxd5 exd5 9. Bg2 O-O 10. O-O Nbd7 11. Rfd1 Re8 12. Ne5 Nxe5 13. dxe5 Nh5
14. Be3 Qc8 15. Rac1 Bc4 16. Qa4 b5 17. Qc2 b4 18. b3 Ba6 19. Na4 Bb5 20.
Qb2 Qe6 21. Bf3 g6 22. Nc5 Qc8 23. Nd3 Qd7 24. Qd4 Ng7 25. Nc5 Bxc5 26.
Qxc5 Rxe5 27. Qxb4 a5 28. Qc3 Re6 29. a4 Ba6 30. Bd4 Nf5 31. e3 Nxd4 32.
Rxd4 Qe8 33. h4 h5 34. Kg2 Bc8 35. Rf4 Rd6 36. Qd4 Be6 37. Rc5 Qd8 38. Qc3
Qb6 39. b4 axb4 40. Rxb4 Qc7 41. a5 Kh7 42. Rb6 Qd8 43. Qb2 Qc8 44. Rb7 Rd7
45. a6 Rxa6 46. Rb8 Ra2 47. Qe5 Bh3+ 48. Kxh3 Re7+ 49. Rxc8 Rxe5 50. Kg2
Rxe3 51. R8xc6 d4 52. Rc7 1-0

[Event "EuTCh w"]
[Site "Plovdiv BUL"]
[Date "2003.10.19"]
[Round "8"]
[White "Houska,Jo"]
[Black "Mkrtchian,L"]
[Result "0-1"]
[WhiteElo "2358"]
[BlackElo "2413"]
[EventDate "2003.10.10"]

1. e4 e6 2. d4 d5 3. e5 c5 4. c3 Nc6 5. Nf3 Qb6 6. a3 Bd7 7. b4 cxd4 8.
cxd4 Rc8 9. Bb2 Na5 10. Nbd2 Nc4 11. Nxc4 dxc4 12. Rc1 a5 13. Bxc4 Bxb4+
14. Nd2 Bxd2+ 15. Qxd2 Ne7 16. O-O O-O 17. Ba2 Qb5 18. Rc5 Rxc5 19. dxc5
Bc6 20. Rc1 Bd5 21. Bb1 Rc8 22. Bd3 Qa4 23. h3 Ng6 24. Bf1 h6 25. Qd4 Qb3
26. Re1 Qc2 27. Rc1 Qb3 28. Re1 Qc2 29. Rc1 Qb3 30. Kh2 Rd8 31. c6 bxc6 32.
Rc5 Rb8 33. Bc3 Qxa3 34. Rxa5 Qc1 35. Ra1 Rb1 36. Rxb1 Qxb1 37. Bd3 Qc1 38.
Bxg6 fxg6 39. h4 Qc2 40. Bb4 Qf5 41. Bc3 Qh5 42. Kg1 g5 43. hxg5 Qxg5 44.
g3 Qc1+ 0-1

[Event "EuTCh w"]
[Site "Plovdiv BUL"]
[Date "2003.10.19"]
[Round "8"]
[White "Micic,J"]
[Black "Turauskiene,R"]
[Result "0-1"]
[WhiteElo "2319"]
[BlackElo "2218"]
[EventDate "2003.10.10"]

1. e4 e5 2. Nf3 Nc6 3. Bc4 Nf6 4. d3 Be7 5. Bb3 O-O 6. O-O d6 7. c3 Be6 8.
Bxe6 fxe6 9. Qb3 Qc8 10. Bg5 Nh5 11. Nbd2 Bxg5 12. Nxg5 Rf6 13. g3 Rb8 14.
d4 exd4 15. f4 h6 16. Ngf3 dxc3 17. bxc3 Qe8 18. f5 Kh7 19. Rae1 e5 20. Nh4
Ne7 21. Ng2 g5 22. Ne3 Rf8 23. c4 Nf6 24. Rc1 c5 25. Qd3 Qc6 26. Rb1 Rfd8
27. Rb3 b6 28. h3 Rb7 29. g4 Kg7 30. Kh2 Kf7 31. Nd5 Nexd5 32. exd5 Qe8 33.
Ne4 Qg8 34. Rfb1 Nxe4 35. Qxe4 Kf6 36. a4 Rdb8 37. Qe3 Qe8 38. h4 Qxa4 39.
hxg5+ hxg5 40. Qh3 Kg7 41. f6+ Kg8 42. Qd3 Rh7+ 43. Kg3 Kh8 44. Ra3 Qd7 45.
Rba1 a5 46. Rf1 Rf8 47. Rb3 Rh6 48. Rxb6 Rfxf6 49. Rxf6 Rxf6 50. Qb1 Qg7
51. Qh1+ Kg8 52. Qb1 Qh6 53. Kg2 Rf7 54. Qb5 Qf6 55. Rb8+ Kg7 56. Rb7 Qf3+
57. Kh2 Qxg4 58. Rxf7+ Kxf7 59. Qa6 Qf4+ 60. Kg1 Qf6 61. Qxa5 Kg6 62. Qa2
e4 63. Qa8 e3 64. Qe8+ Kf5 65. Kf1 Kg4+ 66. Kg1 Qf2+ 67. Kh1 Kg3 68. Qxe3+
Qf3+ 0-1